000 00993nam a2200241Ia 4500
003 GCL
008 140319s9999 xx 000 0 ara d
020 _a7137377977
040 _aGCL /
_cGCL
082 0 4 _aق
_b953.0962
_bص ف
100 1 _aصلاح احمد هريدى
245 1 0 _aفصول من تاريخ المدن المصرية خلال العصر العثمانى /
_cصلاح احمد هريدى
250 _aالاولى
260 _aالقاهرة :
_bعين للدراسات والبحوث الانسانية والاجتماعية ،
_c2004
300 _a130 ص ؛
_c28 سم
650 0 4 _aمصر - الاحوال الاقتصادية
650 0 4 _aمصر - الاحوال الاجتماعية
650 0 4 _aمصر - تاريخ - العصر العثمانى ( 1517-1914 م )
650 0 4 _aرشيد، مصر - العصر العثمانى
650 0 4 _aالمدن - مصر
650 0 4 _aالدقهلية - تاريخ - العصر العثمانى
942 _2ddc
_cBK
999 _c56262
_d56262